[Event "Winnipeg TNT May op"]
[Site "Winnipeg"]
[Date "2008.05.27"]
[Round "4"]
[White "Trueman, Francis"]
[Black "Silva, T Romero"]
[Result "1-0"]
[WhiteElo "1462"]
[BlackElo "1815"]
[PlyCount "69"]
[EventDate "2008.05.06"]
[EventType "swiss"]
[EventRounds "4"]
[EventCountry "CAN"]
[SourceTitle "EXT 2011"]
[Source "ChessBase"]
[SourceDate "2010.11.26"]
[SourceVersion "1"]
[SourceVersionDate "2010.11.26"]
[SourceQuality "1"]

1. Nf3 Nf6 2. d3 d5 3. Nbd2 c6 4. g3 g6 5. Bg2 Bg7 6. 0-0 0-0 7. Re1 Re8 8. e4 dxe4 9. dxe4 Bg4 10. Qe2 e6 11. h3 Bxf3 12. Nxf3 Nbd7 13. Bf4 Nh5 14. Bc1 Qb6 15. Be3 Qa5 16. Bd2 Qc7 17. e5 Bh8 18. g4 Ng7 19. Bg5 a5 20. h4 h5 21. Nh2 hxg4 22. Nxg4 Nf5 23. Rad1 a4 24. Nf6+ Nxf6 25. Bxf6 Bxf6 26. exf6 Red8 27. Qg4 Rd6 28. Be4 Rad8 29. Bxf5 exf5 30. Qg5 Kh7 31. Rxd6 Qxd6 32. Re7 Qd1+ 33. Kg2 Kg8 34. c4 Rd4 35. Re8+ 1-0

[Event "Winnipeg TNT May op"]
[Site "Winnipeg"]
[Date "2008.05.06"]
[Round "1"]
[White "Silva, T Romero"]
[Black "Lipnowski, Samuel"]
[Result "0-1"]
[WhiteElo "1815"]
[BlackElo "2282"]
[PlyCount "108"]
[EventDate "2008.05.06"]
[EventType "swiss"]
[EventRounds "4"]
[EventCountry "CAN"]
[SourceTitle "EXT 2011"]
[Source "ChessBase"]
[SourceDate "2010.11.26"]
[SourceVersion "1"]
[SourceVersionDate "2010.11.26"]
[SourceQuality "1"]

1. d4 c5 2. d5 f5 3. g3 Nf6 4. Bg2 d6 5. c4 g6 6. Nc3 Bg7 7. Nf3 0-0 8. 0-0 Na6 9. Ng5 Nc7 10. e4 h6 11. Nh3 fxe4 12. Nf4 Bf5 13. Re1 g5 14. Nh5 Nxh5 15. Qxh5 Qe8 16. Qxe8 Raxe8 17. Nxe4 b5 18. cxb5 Nxb5 19. Be3 Nd4 20. Rac1 Bg4 21. Nc3 Nf3+ 22. Bxf3 Bxf3 23. Nb5 Rb8 24. a4 Bxd5 25. Nxa7 Bxb2 26. Rb1 Bc3 27. Rec1 Bf6 28. Nb5 Bc6 29. h4 Kf7 30. Rc4 gxh4 31. Bxh6 Rh8 32. Rf4 Bxb5 33. axb5 Rxh6 34. g4 h3 35. b6 Kg6 36. Ra4 Rhh8 37. b7 d5 38. f4 c4 39. Ra6 Kf7 40. g5 Bd4+ 41. Kh1 c3 42. Rc6 Rhd8 43. f5 Rd7 44. Rd1 Bg7 45. g6+ Ke8 46. Rc8+ Rd8 47. Rc7 d4 48. Re1 Bf6 49. Re6 c2 50. Rxc2 Rxb7 51. Rf2 d3 52. Re1 Bh4 53. f6 Bxf2 54. f7+ Kf8 0-1

[Event "Winnipeg TNT April op"]
[Site "Winnipeg"]
[Date "2008.04.15"]
[Round "3"]
[White "Silva, T Romero"]
[Black "Rutter, Blair A"]
[Result "0-1"]
[WhiteElo "1773"]
[BlackElo "1831"]
[PlyCount "118"]
[EventDate "2008.01.04"]
[EventType "swiss"]
[EventRounds "5"]
[EventCountry "CAN"]
[SourceTitle "EXT 2011"]
[Source "ChessBase"]
[SourceDate "2010.11.26"]
[SourceVersion "1"]
[SourceVersionDate "2010.11.26"]
[SourceQuality "1"]

1. d4 e6 2. c4 c5 3. d5 d6 4. Nf3 exd5 5. cxd5 Nf6 6. g3 Be7 7. Bg2 Na6 8. 0-0 0-0 9. Nc3 Bd7 10. a3 Nc7 11. Re1 b5 12. e4 b4 13. axb4 cxb4 14. Nb1 Bg4 15. Qd4 a5 16. Nbd2 Nb5 17. Qd3 Qd7 18. Nc4 Bd8 19. e5 Bf5 20. Qd1 Ne4 21. Nd4 Nxd4 22. Qxd4 Nc5 23. Qd1 Nd3 24. Rf1 dxe5 25. g4 Bg6 26. h3 e4 27. Ne3 Re8 28. b3 Bc7 29. Qc2 Qd6 30. Rd1 Rac8 31. Qe2 Qh2+ 32. Kf1 Nf4 33. Qb5 Be5 34. d6 Nxg2 35. d7 Qh1+ 36. Ke2 Nf4+ 37. Kd2 Bc3+ 38. Kc2 Bxa1+ 39. Kb1 Rxc1+ 40. Rxc1 Qxc1+ 41. Kxc1 Rd8 42. Qxa5 Bf6 43. Qc7 Kf8 44. Qxf4 Rxd7 45. Qb8+ Rd8 46. Qxb4+ Be7 47. Qb7 h5 48. b4 Bd6 49. Qb6 Ke8 50. b5 f6 51. Qc6+ Rd7 52. b6 hxg4 53. hxg4 Ke7 54. Kb2 Be5+ 55. Kb3 Bf7+ 56. Ka4 g6 57. Ka5 Rd2 58. Qxe4 Ra2+ 59. Kb5 Be8+ 0-1

[Event "Winnipeg TNT April op"]
[Site "Winnipeg"]
[Date "2008.04.08"]
[Round "2"]
[White "Silva, T Romero"]
[Black "Lauritson, Jim"]
[Result "1/2-1/2"]
[WhiteElo "1773"]
[BlackElo "1997"]
[PlyCount "108"]
[EventDate "2008.01.04"]
[EventType "swiss"]
[EventRounds "5"]
[EventCountry "CAN"]
[SourceTitle "EXT 2011"]
[Source "ChessBase"]
[SourceDate "2010.11.26"]
[SourceVersion "1"]
[SourceVersionDate "2010.11.26"]
[SourceQuality "1"]

1. d4 Nf6 2. c4 e6 3. Nf3 b6 4. Bg5 Bb7 5. e3 Be7 6. Be2 Ne4 7. Bxe7 Qxe7 8. 0-0 d6 9. Nbd2 f5 10. Rc1 Nd7 11. a3 a5 12. d5 0-0 13. Nxe4 fxe4 14. Nd2 Nf6 15. Qc2 exd5 16. cxd5 Rfc8 17. Bc4 Kh8 18. b4 axb4 19. axb4 Nxd5 20. Qb3 Nf6 21. Be6 Re8 22. Bh3 Bc8 23. Bxc8 Raxc8 24. Rc6 Qd8 25. b5 Nd7 26. Qd5 Nc5 27. Nb3 Nxb3 28. Qxb3 Qd7 29. Qc2 d5 30. f4 Qe7 31. Rc1 Qb4 32. Rb1 Qa3 33. Rc3 Qa7 34. g3 h6 35. Qd2 Red8 36. Qd4 Qa2 37. Rbc1 Rd7 38. Rc6 Kh7 39. Qe5 Qe2 40. Qf5+ Kh8 41. R1c3 Rdd8 42. Qe5 Kh7 43. Qf5+ Kh8 44. Qf7 Ra8 45. Rxh6+ gxh6 46. Qf6+ Kg8 47. Qg6+ Kf8 48. Qxh6+ Kg8 49. Qg6+ Kf8 50. Qf6+ Ke8 51. Qe6+ Kf8 52. Qf6+ Kg8 53. Qg6+ Kf8 54. Qh6+ Kg8 1/2-1/2

[Event "Winnipeg TNT March op"]
[Site "Winnipeg"]
[Date "2008.03.04"]
[Round "1"]
[White "Klusa, Lawrence"]
[Black "Silva, T Romero"]
[Result "0-1"]
[WhiteElo "1291"]
[BlackElo "1773"]
[PlyCount "70"]
[EventDate "2008.03.04"]
[EventType "swiss"]
[EventRounds "4"]
[EventCountry "CAN"]
[SourceTitle "EXT 2011"]
[Source "ChessBase"]
[SourceDate "2010.11.26"]
[SourceVersion "1"]
[SourceVersionDate "2010.11.26"]
[SourceQuality "1"]

1. d4 Nf6 2. g3 d5 3. Bg2 g6 4. Nf3 Bg7 5. Bg5 Nbd7 6. Nc3 c6 7. Qd2 a5 8. Bh6 0-0 9. Bxg7 Kxg7 10. Nh4 e6 11. e4 dxe4 12. Nxe4 Nxe4 13. Bxe4 Nf6 14. Bf3 a4 15. 0-0 Qb6 16. c4 Rd8 17. Rad1 e5 18. Qg5 exd4 19. Nf5+ Bxf5 20. g4 Bc2 21. Rd2 Qxb2 22. Bd1 d3 23. h4 Ne4 24. Qf4 Nxd2 25. Qxd2 Qd4 26. h5 Bxd1 27. Qxd1 d2 28. Kg2 Qxc4 29. f3 Qd3 30. Qa1+ Qd4 31. h6+ Kxh6 32. Rh1+ Kg7 33. Rxh7+ Kxh7 34. Qh1+ Kg7 35. Qh7+ Kxh7 0-1

[Event "Winnipeg TNT February op"]
[Site "Winnipeg"]
[Date "2008.02.19"]
[Round "3"]
[White "Silva, T Romero"]
[Black "Green, Aaron"]
[Result "0-1"]
[WhiteElo "1801"]
[BlackElo "1574"]
[PlyCount "98"]
[EventDate "2008.02.05"]
[EventType "swiss"]
[EventRounds "4"]
[EventCountry "CAN"]
[SourceTitle "EXT 2011"]
[Source "ChessBase"]
[SourceDate "2010.11.26"]
[SourceVersion "1"]
[SourceVersionDate "2010.11.26"]
[SourceQuality "1"]

1. d4 Nf6 2. c4 g6 3. Nc3 Bg7 4. Bg5 h6 5. Bh4 g5 6. Bg3 d6 7. e3 0-0 8. Be2 c5 9. Nf3 a6 10. h3 Bf5 11. 0-0 Nc6 12. dxc5 dxc5 13. Qb3 Na5 14. Qa3 Qb6 15. Rfd1 Rfd8 16. Ne5 Qb4 17. Qxb4 cxb4 18. Na4 Rxd1+ 19. Rxd1 Bc2 20. Nb6 Bxd1 21. Bxd1 Rd8 22. Ba4 Ne4 23. Ned7 Nxg3 24. fxg3 e6 25. b3 f5 26. Kf1 Kf7 27. Ke2 Ke7 28. c5 Nc6 29. Kf3 Rxd7 30. Nxd7 Kxd7 31. g4 Ke7 32. Ke2 Kf6 33. Kd3 Ke5 34. gxf5 exf5 35. Kc4 Bf6 36. Bxc6 bxc6 37. Kxb4 Bd8 38. Kc3 Ke4 39. Kd2 Ba5+ 40. Ke2 Bb4 41. Kf2 Bxc5 42. Ke2 Bxe3 43. g3 f4 44. g4 f3+ 45. Kf1 Kf4 46. b4 Kg3 47. a4 Kxh3 48. b5 cxb5 49. axb5 axb5 0-1

[Event "Winnipeg TNT January op"]
[Site "Winnipeg"]
[Date "2008.01.22"]
[Round "3"]
[White "Tang, Edward"]
[Black "Silva, T Romero"]
[Result "1-0"]
[WhiteElo "1970"]
[BlackElo "1774"]
[PlyCount "75"]
[EventDate "2008.01.08"]
[EventType "swiss"]
[EventRounds "4"]
[EventCountry "CAN"]
[SourceTitle "EXT 2011"]
[Source "ChessBase"]
[SourceDate "2010.11.26"]
[SourceVersion "1"]
[SourceVersionDate "2010.11.26"]
[SourceQuality "1"]

1. d4 Nf6 2. c4 e6 3. Nc3 c5 4. d5 exd5 5. cxd5 d6 6. e4 g6 7. f4 Bg7 8. Bb5+ Bd7 9. Be2 0-0 10. Nf3 a6 11. 0-0 Bg4 12. e5 Ne8 13. e6 fxe6 14. Ng5 Bf5 15. g4 h6 16. gxf5 hxg5 17. fxe6 Bd4+ 18. Kh1 g4 19. Bxg4 Kg7 20. Qf3 Rh8 21. Qg3 Bf6 22. Bf5 Rh6 23. Be3 Bh4 24. Qg2 Qf6 25. Bd3 Kf8 26. Ne4 Qg7 27. Ng5 Ke7 28. Nf7 Nf6 29. Nxh6 Qxh6 30. Rad1 Nbd7 31. exd7 Nxd7 32. Qxg6 Qh8 33. Bf2 Bf6 34. Rde1+ Kd8 35. Bf5 Kc7 36. Bxd7 Kxd7 37. Qf7+ Kc8 38. Re8+ 1-0

[Event "Winnipeg TNT January op"]
[Site "Winnipeg"]
[Date "2008.01.15"]
[Round "2"]
[White "Wierda, John"]
[Black "Silva, T Romero"]
[Result "0-1"]
[WhiteElo "1679"]
[BlackElo "1774"]
[PlyCount "117"]
[EventDate "2008.01.08"]
[EventType "swiss"]
[EventRounds "4"]
[EventCountry "CAN"]
[SourceTitle "EXT 2011"]
[Source "ChessBase"]
[SourceDate "2010.11.26"]
[SourceVersion "1"]
[SourceVersionDate "2010.11.26"]
[SourceQuality "1"]

1. g3 d5 2. c4 c6 3. b3 e6 4. Bg2 Nf6 5. Nf3 Be7 6. 0-0 0-0 7. d3 Nbd7 8. Nc3 Qa5 9. Qc2 Ne8 10. cxd5 cxd5 11. Bd2 Qd8 12. Rac1 a6 13. Qb1 Nef6 14. Na4 b5 15. Nb2 Bb7 16. Rc2 Rc8 17. Rfc1 Qb6 18. Be3 Qd6 19. Bf4 e5 20. Bd2 Qb8 21. Ba5 Bd6 22. Nd2 Rfe8 23. e4 dxe4 24. Nxe4 Nxe4 25. dxe4 Nc5 26. Re1 Ne6 27. Rd2 Nd4 28. Bb6 Bb4 29. Bxd4 Bxd2 30. Rd1 Bh6 31. Bb6 Rc6 32. Ba5 Rec8 33. Qd3 Rc1 34. Bd2 Rxd1+ 35. Nxd1 Bxd2 36. Qxd2 Qc7 37. Qb2 Qc1 38. Bf3 Qxb2 39. Nxb2 Rc1+ 40. Kg2 f6 41. a4 Rb1 42. Nd3 bxa4 43. bxa4 Bc6 44. Nc5 a5 45. Be2 Rb4 46. Bd1 Bxe4+ 47. Nxe4 Rxe4 48. Kf3 Rd4 49. Bb3+ Kf8 50. g4 h5 51. h3 hxg4+ 52. hxg4 Ke7 53. Ke2 Kd6 54. Ke3 Rf4 55. Bd1 Rb4 56. Bc2 Kd5 57. Kd3 Rd4+ 58. Kc3 Rc4+ 59. Kb3 0-1

[Event "Winnipeg Grand Prix Finals ABCD"]
[Site "Winnipeg"]
[Date "2007.12.11"]
[Round "4"]
[White "Pottinger, Carl"]
[Black "Silva, T Romero"]
[Result "0-1"]
[WhiteElo "1886"]
[BlackElo "1775"]
[PlyCount "31"]
[EventDate "2007.11.06"]
[EventType "swiss"]
[EventRounds "6"]
[EventCountry "CAN"]
[SourceTitle "EXT 2022"]
[Source "ChessBase"]
[SourceDate "2021.10.06"]
[SourceVersion "1"]
[SourceVersionDate "2021.10.06"]
[SourceQuality "1"]

1. c4 e5 2. g3 c6 3. Bg2 d5 4. cxd5 cxd5 5. d3 Be6 6. Nc3 Nc6 7. Bd2 Rc8 8. Nf3 f6 9. 0-0 d4 10. Na4 b5 11. Rc1 bxa4 12. Qxa4 Bd7 13. Qa6 Qb6 14. Qc4 Nge7 15. b4 Nd8 16. Qb3 0-1

[Event "Winnipeg Grand Prix Finals ABCD"]
[Site "Winnipeg"]
[Date "2007.11.27"]
[Round "6"]
[White "Silva, T Romero"]
[Black "Van Wyk, Joseph"]
[Result "0-1"]
[WhiteElo "1775"]
[BlackElo "2006"]
[PlyCount "134"]
[EventDate "2007.11.06"]
[EventType "swiss"]
[EventRounds "6"]
[EventCountry "CAN"]
[SourceTitle "EXT 2022"]
[Source "ChessBase"]
[SourceDate "2021.10.06"]
[SourceVersion "1"]
[SourceVersionDate "2021.10.06"]
[SourceQuality "1"]

1. d4 d5 2. c4 e6 3. a3 Nf6 4. Nf3 c5 5. e3 Nc6 6. dxc5 Bxc5 7. b4 Be7 8. cxd5 Nxd5 9. Be2 Bf6 10. Ra2 0-0 11. 0-0 b6 12. Rd2 Qe7 13. Bb5 Ne5 14. Nxe5 Bxe5 15. Bc6 Bb7 16. Bxb7 Qxb7 17. Qf3 a5 18. b5 Rac8 19. Bb2 Bxb2 20. Rxb2 Rc5 21. a4 Rfc8 22. Nd2 Qc7 23. h3 Qe5 24. Rbb1 Rc2 25. Nb3 Nc3 26. Ra1 Qd5 27. Qxd5 Nxd5 28. Nd4 R2c4 29. Nc6 Kf8 30. Ne5 Re4 31. Nc6 Nc3 32. Nd4 Rc4 33. g3 Rxa4 34. Rxa4 Nxa4 35. Ra1 Nc3 36. Kf1 Re5 37. Rc1 Rc5 38. Nb3 Rc7 39. Nxa5 bxa5 40. b6 Rb7 41. Rxc3 Rxb6 42. Rc8+ Ke7 43. Ra8 Rb5 44. Ke2 Rb2+ 45. Kd3 Rxf2 46. Rxa5 Rf3 47. Rh5 Rxg3 48. Rxh7 Kf6 49. Ke2 Rg6 50. Kf3 Rh6 51. Rxh6+ gxh6 52. Kf4 e5+ 53. Kg3 Kg5 54. Kf3 Kh4 55. Kg2 h5 56. Kh2 Kg5 57. Kg3 h4+ 58. Kf2 f5 59. Kf3 e4+ 60. Kg2 f4 61. exf4+ Kxf4 62. Kf2 e3+ 63. Ke2 Ke4 64. Ke1 Kf3 65. Kf1 Kg3 66. Ke2 Kxh3 67. Kf3 e2 0-1

[Event "Winnipeg TNT October op"]
[Site "Winnipeg"]
[Date "2007.10.30"]
[Round "5"]
[White "Wierda, John"]
[Black "Silva, T Romero"]
[Result "1-0"]
[WhiteElo "1713"]
[BlackElo "1769"]
[PlyCount "87"]
[EventDate "2007.10.02"]
[EventType "swiss"]
[EventRounds "5"]
[EventCountry "CAN"]
[SourceTitle "EXT 2022"]
[Source "ChessBase"]
[SourceDate "2021.10.06"]
[SourceVersion "1"]
[SourceVersionDate "2021.10.06"]
[SourceQuality "1"]

1. e4 c5 2. c3 d6 3. d4 cxd4 4. cxd4 a6 5. Nc3 g6 6. Bc4 Bg7 7. Qf3 e6 8. Nge2 Qc7 9. Bb3 Ne7 10. Bf4 0-0 11. Rc1 Qd8 12. 0-0 Nbc6 13. Rfd1 Na5 14. Bc2 b5 15. Qg3 Nb7 16. h4 h5 17. e5 d5 18. Bg5 Qd7 19. Nf4 Nf5 20. Bxf5 exf5 21. Ncxd5 Rb8 22. Nf6+ Bxf6 23. Bxf6 Kh7 24. Nxh5 Rh8 25. Nf4 Rg8 26. Qg5 Nd8 27. h5 Ne6 28. hxg6+ Rxg6 29. Qxf5 Nxf4 30. Qxf4 Qh3 31. Qh2 Qxh2+ 32. Kxh2 Bg4 33. f3 Be6 34. d5 Rbg8 35. g4 Bxg4 36. fxg4 Rxg4 37. Rg1 Re4 38. Rxg8 Kxg8 39. d6 Re2+ 40. Kg3 Rd2 41. Rc8+ Kh7 42. Rc7 Kg6 43. d7 Rd3+ 44. Kf4 1-0

[Event "Winnipeg TNT September op"]
[Site "Winnipeg"]
[Date "2007.09.04"]
[Round "1"]
[White "Silva, T Romero"]
[Black "Magnusson, Saul"]
[Result "1-0"]
[WhiteElo "1776"]
[BlackElo "1056"]
[PlyCount "72"]
[EventDate "2007.09.04"]
[EventType "swiss"]
[EventRounds "4"]
[EventCountry "CAN"]
[SourceTitle "EXT 2022"]
[Source "ChessBase"]
[SourceDate "2021.10.06"]
[SourceVersion "1"]
[SourceVersionDate "2021.10.06"]
[SourceQuality "1"]

1. e4 e5 2. Nf3 Nc6 3. Bc4 Bc5 4. 0-0 d6 5. d3 Bg4 6. c3 Na5 7. Bb5+ c6 8. Ba4 b5 9. Bc2 b4 10. Bd2 Rb8 11. Qe2 Nf6 12. Bg5 h6 13. Bh4 0-0 14. Nbd2 bxc3 15. bxc3 Rb2 16. Qd1 Qe7 17. h3 Bh5 18. g4 Bxg4 19. hxg4 g5 20. Nxg5 hxg5 21. Bxg5 Kg7 22. Kg2 Qe6 23. f3 d5 24. Bb3 Nh7 25. Bh4 Qh6 26. Bf2 Rxd2 27. Qe1 Rxf2+ 28. Rxf2 Bxf2 29. Qxf2 a6 30. exd5 Nxb3 31. axb3 cxd5 32. Qe2 Nf6 33. Rxa6 Rh8 34. Qxe5 Qd2+ 35. Kg1 Rh6 36. g5 Rh5 1-0

[Event "Winnipeg Apr Sect-B"]
[Site "Winnipeg"]
[Date "2007.04.22"]
[Round "4"]
[White "Cleto, Sam"]
[Black "Silva, T Romero"]
[Result "0-1"]
[WhiteElo "1959"]
[BlackElo "1887"]
[PlyCount "66"]
[EventDate "2007.04.20"]
[EventType "tourn"]
[EventRounds "5"]
[EventCountry "CAN"]
[SourceTitle "EXT 2019"]
[Source "ChessBase"]
[SourceDate "2018.10.10"]
[SourceVersion "1"]
[SourceVersionDate "2018.10.10"]
[SourceQuality "1"]

1. d4 Nf6 2. c4 c5 3. d5 d6 4. Bg5 Ne4 5. Bf4 Nd7 6. Nf3 g6 7. Qc2 Ndf6 8. e3 Qa5+ 9. Kd1 Bd7 10. a4 Ng4 11. Bg3 Bf5 12. Bd3 Nexf2+ 13. Bxf2 Bxd3 14. Qb3 Nxf2+ 15. Kc1 Bg7 16. Rg1 Be4 17. Ne1 0-0 18. Nd2 Bf5 19. g4 Nxg4 20. e4 Bd7 21. Ra3 Bd4 22. Rg3 Be5 23. Rg2 Bg7 24. Nef3 Bh6 25. h3 Ne3 26. Rg5 Nf1 27. Nxf1 Bxg5+ 28. Nxg5 Qe1+ 29. Qd1 Qh4 30. Rg3 Qf4+ 31. Kb1 h6 32. Nf3 Qxe4+ 33. Ka1 Qxc4 0-1

[Event "Winnipeg TNT April op"]
[Site "Winnipeg"]
[Date "2007.04.17"]
[Round "3"]
[White "Green, Aaron"]
[Black "Silva, T Romero"]
[Result "1/2-1/2"]
[WhiteElo "1459"]
[BlackElo "1887"]
[PlyCount "96"]
[EventDate "2007.04.03"]
[EventType "swiss"]
[EventRounds "4"]
[EventCountry "CAN"]
[SourceTitle "EXT 2019"]
[Source "ChessBase"]
[SourceDate "2018.10.10"]
[SourceVersion "1"]
[SourceVersionDate "2018.10.10"]
[SourceQuality "1"]

1. Nf3 b6 2. d3 d5 3. g3 Bb7 4. Bg2 Nd7 5. Nbd2 Ngf6 6. b3 e6 7. Bb2 Be7 8. c4 dxc4 9. Nxc4 Bb4+ 10. Ncd2 0-0 11. a3 Be7 12. 0-0 c5 13. Qc2 Rc8 14. Rfc1 h6 15. Nc4 Ba8 16. Nce5 Nxe5 17. Nxe5 Bxg2 18. Kxg2 Qd5+ 19. Nf3 Rcd8 20. Qc4 Qb7 21. h3 Nh7 22. Kh2 Bf6 23. Bxf6 Nxf6 24. Rab1 Rd7 25. b4 cxb4 26. Rxb4 Rfd8 27. a4 Nd5 28. Rbb1 Rc7 29. Qb3 Rdc8 30. Rxc7 Qxc7 31. Nd4 Qc5 32. e3 g6 33. Rb2 Qf8 34. Kg2 Rc3 35. Qb5 Qa8 36. e4 Nf6 37. Rb3 Rc5 38. Qb4 h5 39. Rc3 Nxe4 40. dxe4 Qxe4+ 41. f3 Qe5 42. Rc4 h4 43. gxh4 Qd5 44. Rxc5 bxc5 45. Qb8+ Kg7 46. Nb5 Qd2+ 47. Kf1 Qd1+ 48. Kf2 Qd2+ 1/2-1/2

[Event "Winnipeg TNT January op"]
[Site "Winnipeg"]
[Date "2007.01.30"]
[Round "4"]
[White "Silva, T Romero"]
[Black "Reimer, Bruce"]
[Result "1-0"]
[WhiteElo "1903"]
[BlackElo "1593"]
[PlyCount "48"]
[EventDate "2007.01.09"]
[EventType "swiss"]
[EventRounds "4"]
[EventCountry "CAN"]
[SourceTitle "EXT 2008"]
[Source "ChessBase"]
[SourceDate "2007.11.25"]
[SourceVersion "1"]
[SourceVersionDate "2007.11.25"]
[SourceQuality "1"]

1. e4 Nf6 2. Nc3 d5 3. exd5 Nxd5 4. Ne4 Bf5 5. Ng3 Qd7 6. a3 Bg6 7. Be2 Nf4 8. Kf1 Qc6 9. Bf3 Qa6+ 10. d3 Nxd3 11. cxd3 Bxd3+ 12. N3e2 Nd7 13. Qb3 Nc5 14. Qc3 Ne6 15. Be3 0-0-0 16. Rc1 f6 17. Bg4 Qd6 18. Bxe6+ Kb8 19. Bg4 e5 20. f3 g6 21. Bc5 Qxc5 22. Qxc5 Bxc5 23. Rxc5 Bf5 24. Bxf5 gxf5 1-0

[Event "Winnipeg Mike Shpan Memorial"]
[Site "Winnipeg"]
[Date "2006.11.07"]
[Round "1"]
[White "Goodman, Clifford"]
[Black "Silva, T Romero"]
[Result "0-1"]
[WhiteElo "1500"]
[BlackElo "1797"]
[PlyCount "84"]
[EventDate "2006.11.07"]
[EventType "swiss"]
[EventRounds "6"]
[EventCountry "CAN"]
[SourceTitle "EXT 2019"]
[Source "ChessBase"]
[SourceDate "2018.10.10"]
[SourceVersion "1"]
[SourceVersionDate "2018.10.10"]
[SourceQuality "1"]

1. e4 d5 2. exd5 Qxd5 3. Nc3 Qa5 4. d4 c6 5. Nf3 Bg4 6. Be2 Nf6 7. Ne5 Bxe2 8. Qxe2 e6 9. a3 Be7 10. 0-0 0-0 11. Bf4 Nd5 12. Nxd5 Qxd5 13. Rad1 Bf6 14. c4 Qd8 15. Qg4 Re8 16. Rfe1 Nd7 17. Qh5 g6 18. Qh3 Nf8 19. Bh6 Qe7 20. Ng4 Bh8 21. Qf3 Rad8 22. Re4 f5 23. Bxf8 Qxf8 24. Rf4 Bg7 25. Qb3 Qd6 26. Qf3 fxg4 27. Qxg4 e5 28. Re4 exd4 29. Rxe8+ Rxe8 30. h4 c5 31. h5 Qe6 32. Qf3 Qe2 33. Qd5+ Kh8 34. Rf1 b6 35. hxg6 hxg6 36. Qd7 Re7 37. Qh3+ Qh5 38. Qc8+ Kh7 39. g3 Qf5 40. Qa8 d3 41. f3 Bd4+ 42. Kg2 Re2+ 0-1

[Event "Winnipeg ThankGibbons op-B"]
[Site "Winnipeg"]
[Date "2006.10.21"]
[Round "3"]
[White "Silva, T Romero"]
[Black "Khedkar, Jay S"]
[Result "1-0"]
[WhiteElo "1785"]
[BlackElo "1814"]
[PlyCount "63"]
[EventDate "2006.10.20"]
[EventType "tourn"]
[EventRounds "5"]
[EventCountry "CAN"]
[SourceTitle "EXT 2019"]
[Source "ChessBase"]
[SourceDate "2018.10.10"]
[SourceVersion "1"]
[SourceVersionDate "2018.10.10"]
[SourceQuality "1"]

1. d4 Nf6 2. c4 e6 3. a3 b6 4. Bg5 Be7 5. Nf3 0-0 6. e3 Bb7 7. Be2 Ne4 8. Bxe7 Qxe7 9. 0-0 f5 10. Nbd2 d6 11. Rc1 Nd7 12. d5 e5 13. Nxe4 fxe4 14. Nd2 Nf6 15. Qc2 c6 16. Nxe4 cxd5 17. Nxf6+ Qxf6 18. cxd5 Rac8 19. Bc4 b5 20. Qb3 Ba6 21. Bxb5 Rxc1 22. Rxc1 Qxf2+ 23. Kh1 Qd2 24. Rg1 Bxb5 25. Qxb5 Qxe3 26. Qd7 Qb6 27. Qe6+ Kh8 28. h3 Qd8 29. Rc1 Re8 30. Qf7 e4 31. Rc7 Rg8 32. Re7 1-0

[Event "Winnipeg Yanofsky Memorial"]
[Site "Winnipeg"]
[Date "2006.09.02"]
[Round "3"]
[White "Silva, T Romero"]
[Black "Melamedoff, Gustavo"]
[Result "1-0"]
[WhiteElo "1772"]
[BlackElo "1975"]
[PlyCount "105"]
[EventDate "2006.09.01"]
[EventType "swiss"]
[EventRounds "5"]
[EventCountry "CAN"]
[SourceTitle "EXT 2007"]
[Source "ChessBase"]
[SourceDate "2006.11.23"]
[SourceVersion "1"]
[SourceVersionDate "2006.11.23"]
[SourceQuality "1"]

1. Nf3 d5 2. d4 e6 3. c4 c6 4. Nc3 f5 5. a3 Nf6 6. Bg5 Be7 7. e3 0-0 8. Bd3 Ne4 9. Bxe7 Qxe7 10. 0-0 Nd7 11. Rc1 g5 12. Ne2 g4 13. Nd2 Qg5 14. Bxe4 fxe4 15. Qb3 Nf6 16. Rc3 Kh8 17. a4 b6 18. Qb4 Ba6 19. b3 e5 20. Qe7 Rfe8 21. Qd6 c5 22. dxc5 Rad8 23. Qc7 d4 24. exd4 Qxd2 25. dxe5 Qd7 26. cxb6 axb6 27. Qxb6 Re6 28. Qc5 Nh5 29. Qe3 Rxe5 30. b4 Bc8 31. b5 Qd2 32. Qb6 Rde8 33. Re3 Qb4 34. Qd4 Qc5 35. Qc3 Kg8 36. Nd4 Nf4 37. Rfe1 Nd3 38. Rf1 Qb4 39. Rxd3 Qxa4 40. Re3 Rc5 41. Rc1 Bb7 42. Nb3 Rcc8 43. h3 Bd5 44. Qf6 Bxc4 45. Qg5+ Kh8 46. Qf6+ Kg8 47. Qg5+ Kh8 48. Nd4 Be6 49. Qf6+ Kg8 50. Rc6 Rxc6 51. bxc6 Bc8 52. hxg4 Qa5 53. Nf5 1-0

[Event "Winnipeg TNT June op"]
[Site "Winnipeg"]
[Date "2006.06.27"]
[Round "4"]
[White "Silva, T Romero"]
[Black "Khedkar, Jay S"]
[Result "1-0"]
[WhiteElo "1682"]
[BlackElo "1877"]
[PlyCount "57"]
[EventDate "2006.06.06"]
[EventType "swiss"]
[EventRounds "4"]
[EventCountry "CAN"]
[SourceTitle "EXT 2007"]
[Source "ChessBase"]
[SourceDate "2006.11.23"]
[SourceVersion "1"]
[SourceVersionDate "2006.11.23"]
[SourceQuality "1"]

1. d4 Nf6 2. c4 e6 3. a3 d5 4. Nc3 c6 5. Bg5 Be7 6. e3 Nbd7 7. Nf3 0-0 8. Be2 b6 9. 0-0 Bb7 10. Rc1 c5 11. Bd3 Ne4 12. Bxe7 Qxe7 13. cxd5 exd5 14. Re1 Rfd8 15. Bb1 Rac8 16. Nb5 a6 17. Nc3 b5 18. Ne2 g5 19. Ng3 Nxg3 20. hxg3 h6 21. Qc2 Nf6 22. dxc5 Ne4 23. b4 Qf6 24. Nd4 g4 25. Rf1 Bc6 26. f3 Nxg3 27. Qh7+ Kf8 28. fxg4 Nxf1 29. Rxf1 1-0

[Event "Winnipeg TNT May op"]
[Site "Winnipeg"]
[Date "2006.05.30"]
[Round "5"]
[White "Silva, T Romero"]
[Black "Lafreniere, Adrian"]
[Result "1-0"]
[WhiteElo "1682"]
[BlackElo "1855"]
[PlyCount "74"]
[EventDate "2006.05.02"]
[EventType "swiss"]
[EventRounds "5"]
[EventCountry "CAN"]
[SourceTitle "EXT 2019"]
[Source "ChessBase"]
[SourceDate "2018.10.10"]
[SourceVersion "1"]
[SourceVersionDate "2018.10.10"]
[SourceQuality "1"]

1. d4 c6 2. c4 d5 3. Nc3 Nf6 4. Bg5 e6 5. a3 Be7 6. e3 b6 7. Nf3 Nbd7 8. Bd3 Bb7 9. 0-0 h6 10. Bxf6 Bxf6 11. Re1 0-0 12. Rc1 Be7 13. cxd5 exd5 14. Ne2 Bd6 15. Ng3 Rc8 16. Bb1 Qf6 17. Nh5 Qe6 18. Qd3 f5 19. Nf4 Qf7 20. Nh4 Bxf4 21. exf4 g6 22. Nf3 Rce8 23. Ne5 Nxe5 24. dxe5 Kh7 25. b4 Re6 26. Ba2 Qd7 27. Re3 Rc8 28. h3 c5 29. g4 Qc6 30. Rg3 Rf8 31. Kh2 Re7 32. Rcg1 c4 33. Qd4 Bc8 34. Rd1 Be6 35. gxf5 Rxf5 36. Bb1 Rf8 37. Rxg6 Rfe8 1-0